000 00582nam a2200217Ia 4500
003 OSt
005 20220928141554.0
006 a|||||r|||| 00| 0
007 ta
008 220927b |||||||| |||| 00| 0 eng d
024 _a16077
037 _cTextual
040 _aSDCL
_cSDCL
_beng
041 _2eng
_aeng
082 _aO142,1N33,2, 111L2
100 _aVoznesenky Andrei
_9500988
245 0 _aDogalypse
_b San Francisco poetry reading.
260 _c1972
942 _hO142,1N33,2, 111L2
_cTEXL
_2CC
999 _c818431
_d818431